Normal view
MARC view
- Cappelle, Laura.
Entry Personal Name
001 - CONTROL NUMBER
- control field: 33122
003 - CONTROL NUMBER IDENTIFIER
- control field: OSt
005 - DATE AND TIME OF LATEST TRANSACTION
- control field: 20181212082524.0
008 - FIXED-LENGTH DATA ELEMENTS
- fixed length control field: 181212|| aca||aabn | a|a d
040 ## - CATALOGING SOURCE
- Original cataloging agency: OSt
- Transcribing agency: OSt
100 ## - HEADING--PERSONAL NAME
- Personal name: Cappelle, Laura.
670 ## - SOURCE DATA FOUND
- Source citation: Work cat.: (OSt): Cappelle, Laura., The Paris opera ballet newest starlet/, cMar 2016 - Aug 2016.
